[Event "1. Ernst Stoeckl Gedenkturnier"]
[Site "Wien"]
[Date "2002.02.02"]
[Round "1"]
[White "Titz, Herbert"]
[Black "Wiedner, Robert"]
[Result "1/2-1/2"]
[WhiteElo "1996"]
[BlackElo "2185"]
[PlyCount "31"]
[EventDate "2002.02.02"]

{64MB. NBK248232011192
} 1. e4 c5 2. Nc3 e5 3. Nf3 d6 4. Bc4 Be7 5. Nd5 Be6 6.
d3 Nc6 7. c3 h6 8. O-O Rb8 9. d4 Bg5 10. dxc5 Bxc1 11. Rxc1 dxc5 12. Ne3 Qxd1
13. Rfxd1 Ke7 14. Nd5+ Kf8 15. Ne3 Ke7 16. Nd5+ 1/2-1/2

[Event "1. Ernst Stoeckl Gedenkturnier"]
[Site "?"]
[Date "2002.??.??"]
[Round "1"]
[White "Blatny, Frantisek"]
[Black "Reimitzer, Wolfgang"]
[Result "1/2-1/2"]
[WhiteElo "2245"]
[BlackElo "2023"]
[PlyCount "35"]

1. e4 c6 2. d4 d5 3. Nd2 dxe4 4. Nxe4 Nd7 5. Bc4 Ngf6 6. Ng5 e6 7. Qe2 Nb6 8.
Bb3 h6 9. N5f3 c5 10. Be3 Qc7 11. Ne5 Bd6 12. Ngf3 O-O 13. O-O Nbd5 14. c4 Nxe3
15. fxe3 b6 16. Bc2 Bb7 17. Rac1 Rad8 18. Qf2 1/2-1/2

[Event "1. Ernst Stoeckl Gedenkturnier"]
[Site "?"]
[Date "2002.??.??"]
[Round "1"]
[White "Kuthan, Andreas"]
[Black "Linnert, Peter"]
[Result "1-0"]
[WhiteElo "2146"]
[BlackElo "1891"]
[PlyCount "49"]

1. e4 e5 2. Nf3 Nf6 3. Nxe5 d6 4. Nf3 Nxe4 5. d3 Nf6 6. d4 d5 7. c4 Nc6 8. Nc3
Bg4 9. cxd5 Nxd5 10. Bc4 Qe7+ 11. Kf1 Nb6 12. Bb3 O-O-O 13. d5 Ne5 14. Qd4 Bxf3
15. gxf3 Kb8 16. f4 Ng4 17. f5 Qh4 18. Kg2 Qh5 19. Bd1 Qxf5 20. Qxg4 Qxg4+ 21.
Bxg4 Nxd5 22. Rd1 c6 23. Bf3 Bc5 24. Nxd5 cxd5 25. Bf4+ 1-0

[Event "1. Ernst Stoeckl Gedenkturnier"]
[Site "?"]
[Date "2002.??.??"]
[Round "1"]
[White "Steiner, Johann"]
[Black "Hofbauer, Martin"]
[Result "1/2-1/2"]
[WhiteElo "2007"]
[BlackElo "2240"]
[PlyCount "74"]

1. e4 c6 2. d4 d5 3. exd5 cxd5 4. c4 Nf6 5. Nc3 g6 6. Be3 Bg7 7. Nf3 O-O 8. Qb3
Nc6 9. cxd5 Na5 10. Qb4 Nxd5 11. Nxd5 Qxd5 12. Qxe7 Nc4 13. Bxc4 Qxc4 14. Rc1
Qxa2 15. Qa3 Qxa3 16. bxa3 Be6 17. O-O Rfd8 18. Rc7 Bd5 19. Ne5 f6 20. Nd3 Bf8
21. Nb4 Be4 22. f3 Bd6 23. Rc3 Bf5 24. g3 Rac8 25. Rfc1 Rxc3 26. Rxc3 Rc8 27.
Rb3 Kf7 28. Nd5 b6 29. Nc3 Bc2 30. Nb5 Bb8 31. Rc3 Rxc3 32. Nxc3 g5 33. Kf2 a6
34. Ke2 Bd6 35. Bc1 h5 36. Nd5 h4 37. f4 hxg3 1/2-1/2

[Event "1. Ernst Stoeckl Gedenkturnier"]
[Site "Wien"]
[Date "2002.02.02"]
[Round "1"]
[White "Kuba, Guenter"]
[Black "Prager, Manfred"]
[Result "1-0"]
[WhiteElo "2293"]
[BlackElo "2063"]
[PlyCount "69"]
[EventDate "2002.02.02"]

{64MB. NBK248232011192
} 1. e4 c5 2. Nf3 Nc6 3. Bb5 Nf6 4. Nc3 a6 5. Bxc6 bxc6
6. d4 e6 7. e5 Nd5 8. Ne4 cxd4 9. Qxd4 Qb6 10. Qd3 a5 11. O-O Ba6 12. c4 a4 13.
Qc2 Nb4 14. Qc3 c5 15. Rd1 Rc8 16. Be3 Bb7 17. Nd6+ Bxd6 18. Rxd6 Rc6 19. a3
Na6 20. Rad1 Nb8 21. Ng5 Rxd6 22. Rxd6 Qc7 23. Qc2 Nc6 24. f4 Ne7 25. Qxa4 Nf5
26. Rd3 h6 27. Nf3 Be4 28. Rc3 O-O 29. Bf2 Rb8 30. Rb3 Rc8 31. Qb5 Bc2 32. Rc3
Rb8 33. Qxc5 Qxc5 34. Bxc5 Rxb2 35. g4 1-0

[Event "1. Ernst Stoeckl Gedenkturnier"]
[Site "?"]
[Date "2002.??.??"]
[Round "1"]
[White "Hirsch, Adolf"]
[Black "Janetschek, Karl"]
[Result "0-1"]
[WhiteElo "2073"]
[BlackElo "2293"]
[PlyCount "74"]

1. Nf3 g6 2. d4 Nf6 3. g3 Bg7 4. Bg2 O-O 5. c4 d6 6. O-O Nc6 7. Nc3 a6 8. h3
Rb8 9. Qc2 Bd7 10. e4 b5 11. cxb5 axb5 12. d5 Na5 13. b4 Nc4 14. Nd2 Qc8 15.
Kh2 Nb6 16. Bb2 c6 17. dxc6 Bxc6 18. Rac1 Qb7 19. a4 Rfc8 20. a5 Na4 21. Nxa4
bxa4 22. Bc3 Bb5 23. Rfe1 Rxc3 24. Qxc3 Ng4+ 25. hxg4 Bxc3 26. Rxc3 Qa7 27.
Rec1 Ba6 28. Rc7 Qd4 29. Nf3 Qxb4 30. Rxe7 a3 31. e5 dxe5 32. Nxe5 Qxe7 33. Nc6
Qc7 34. Rc3 a2 35. Ra3 Rb2 36. Bd5 Rxf2+ 37. Kg1 a1=Q+ 0-1

[Event "1. Ernst Stoeckl Gedenkturnier"]
[Site "?"]
[Date "2002.??.??"]
[Round "1"]
[White "Kilgus, Georg"]
[Black "Ebner, Franz"]
[Result "1-0"]
[WhiteElo "2203"]
[BlackElo "2000"]
[PlyCount "61"]

1. Nf3 Nf6 2. c4 c5 3. Nc3 g6 4. e4 Bg7 5. d4 cxd4 6. Nxd4 d6 7. Be2 Nc6 8. Be3
O-O 9. O-O Bd7 10. Qd2 Nxd4 11. Bxd4 Bc6 12. Bd3 Qa5 13. Rfd1 Rfe8 14. Rab1 Ng4
15. Bxg7 Kxg7 16. Be2 Nf6 17. Qf4 Qe5 18. Qxe5 dxe5 19. f3 Red8 20. b4 b6 21.
a4 Rd4 22. a5 Rad8 23. axb6 axb6 24. Kf2 e6 25. Ke3 Nh5 26. b5 Ba8 27. Na4 f5
28. Nxb6 Bb7 29. c5 fxe4 30. c6 exf3 31. Bxf3 1-0

[Event "1. Ernst Stoeckl Gedenkturnier"]
[Site "?"]
[Date "2002.??.??"]
[Round "1"]
[White "Petroczi, Thomas"]
[Black "Roth, Peter"]
[Result "0-1"]
[WhiteElo "2025"]
[BlackElo "2266"]
[PlyCount "76"]

1. d4 d5 2. Nf3 Nc6 3. Bf4 Bg4 4. e3 e6 5. Be2 Bd6 6. Bxd6 cxd6 7. O-O f5 8. c4
dxc4 9. d5 exd5 10. Qxd5 Nf6 11. Qxc4 d5 12. Qb3 O-O 13. Nc3 Na5 14. Qb4 Qb6
15. Qxb6 axb6 16. Rfd1 Rfd8 17. h3 Bh5 18. Nd4 Bxe2 19. Ndxe2 Nc6 20. a3 Kf7
21. Rd2 Na5 22. Rad1 Nb3 23. Rd3 Ra5 24. Nf4 Nc5 25. Rd4 Ne6 26. Nxe6 Kxe6 27.
Rb4 Nd7 28. Kf1 g6 29. Ke2 Rc8 30. Rdd4 Rac5 31. Kd2 R5c6 32. Rb5 Ne5 33. Nxd5
Rc2+ 34. Ke1 Rc1+ 35. Ke2 R1c2+ 36. Rd2 Rxd2+ 37. Kxd2 Rd8 38. Rxb6+ Kxd5 0-1

[Event "1. Ernst Stoeckl Gedenkturnier"]
[Site "?"]
[Date "2002.??.??"]
[Round "1"]
[White "Dueckstein, Andreas"]
[Black "Hangweyrer, Roman"]
[Result "1-0"]
[WhiteElo "2297"]
[BlackElo "2081"]
[PlyCount "133"]

1. e4 c5 2. Nf3 Nc6 3. d4 cxd4 4. Nxd4 g6 5. Nc3 Bg7 6. Be3 Nf6 7. Nxc6 bxc6 8.
e5 Nd5 9. Nxd5 cxd5 10. Qxd5 Rb8 11. Bc4 O-O 12. O-O Bb7 13. Qd4 Qc7 14. f4 d6
15. Bb3 dxe5 16. Qxa7 Qc6 17. Rf2 exf4 18. Bxf4 Rbd8 19. c3 Rd3 20. Rd1 Rxd1+
21. Bxd1 Ra8 22. Qe3 e5 23. Bg5 Rxa2 24. Rd2 Ra1 25. Qf2 Bf8 26. Kh1 Kg7 27. h3
Bc5 28. Qe2 f6 29. Bh4 e4 30. b4 Ba6 31. Qg4 Bc8 32. Qe2 Bb6 33. Be1 e3 34. Ra2
Rxa2 35. Qxa2 Be6 36. Qe2 Bxh3 37. c4 h5 38. c5 Bg4 39. Qxe3 Bxd1 40. cxb6 Qb7
41. Bc3 Bg4 42. Qd4 Kf7 43. Qxf6+ Ke8 44. Qxg6+ Kd7 45. Qf7+ Kc6 46. Qc4+ Kd7
47. Bd4 Be6 48. Qe2 Qd5 49. Qe3 Bg4 50. Bc5 Kc6 51. Qe8+ Kb7 52. Kh2 Qd7 53.
Qe3 Qe6 54. Qg3 Qc6 55. Qa3 Kc8 56. Qa6+ Qb7 57. Qc4 Qc6 58. Qg8+ Kb7 59. Qa2
Kc8 60. Qa3 Qd5 61. Qg3 Qc6 62. Qe5 Kb7 63. b5 Qd7 64. Qe4+ Kb8 65. Qc6 Qb7 66.
Bd6+ Ka8 67. Qc5 1-0

[Event "1. Ernst Stoeckl Gedenkturnier"]
[Site "?"]
[Date "2002.??.??"]
[Round "1"]
[White "Kleiser, Gregor"]
[Black "Horvath, Maria"]
[Result "1-0"]
[WhiteElo "2177"]
[BlackElo "1986"]
[PlyCount "74"]

1. d4 d5 2. c4 c6 3. cxd5 cxd5 4. Nc3 Nf6 5. Bf4 e6 6. Nf3 Be7 7. e3 Nh5 8.
Bxb8 Rxb8 9. Ne5 Nf6 10. Qa4+ Bd7 11. Nxd7 Nxd7 12. Qxa7 Ra8 13. Qxb7 Rb8 14.
Qc6 Rxb2 15. Bb5 Bb4 16. O-O Bxc3 17. Rac1 Ba5 18. Qa6 Ke7 19. Bxd7 Kxd7 20.
Qa7+ Ke8 21. Rc6 Qd7 22. Qa8+ Bd8 23. Rc8 Rb6 24. a4 Ke7 25. a5 Rb7 26. a6 Ra7
27. Rb1 Rxa8 28. Rxa8 Kf6 29. g3 h5 30. Rb7 Qc6 31. Rbb8 h4 32. Rc8 Qe8 33.
gxh4 Qb5 34. Kg2 Qb1 35. Kf3 Kf5 36. Kg2 Rxh4 37. f3 Qb2+ 1-0

[Event "1. Ernst Stoeckl Gedenkturnier"]
[Site "?"]
[Date "2002.??.??"]
[Round "1"]
[White "Rott, Jakob"]
[Black "Srienz, Christian"]
[Result "0-1"]
[WhiteElo "1874"]
[BlackElo "2145"]
[PlyCount "66"]

1. d4 c5 2. Nf3 Nf6 3. c4 cxd4 4. Nxd4 g6 5. Nc3 Bg7 6. e4 Nc6 7. Be3 Ng4 8.
Qxg4 Nxd4 9. Qd1 Ne6 10. Be2 Bxc3+ 11. bxc3 Qa5 12. Qd2 b6 13. Rd1 d6 14. Bd4
f6 15. O-O Bb7 16. f3 O-O 17. Bd3 Rac8 18. f4 Nc5 19. Bxc5 Qxc5+ 20. Kh1 Ba6
21. f5 g5 22. Qe2 Rf7 23. Qh5 Bxc4 24. Rf3 Rg7 25. h4 Bxa2 26. Ba6 Bf7 27. Qh6
g4 28. Rfd3 Rc7 29. Rxd6 exd6 30. Qxf6 Rd7 31. e5 Qxc3 32. e6 Qxf6 33. exd7 Bb3
0-1

[Event "1. Ernst Stoeckl Gedenkturnier"]
[Site "?"]
[Date "2002.02.03"]
[Round "2"]
[White "Linnert, Peter"]
[Black "Petroczi, Thomas"]
[Result "0-1"]
[WhiteElo "1891"]
[BlackElo "2025"]
[PlyCount "38"]

1. c4 g6 2. Nc3 Bg7 3. g3 d6 4. Bg2 e5 5. e4 Ne7 6. Nge2 O-O 7. d3 f5 8. Be3 c6
9. d4 Nd7 10. Qd2 Qc7 11. f3 Nf6 12. exf5 Nxf5 13. O-O Ng4 14. Bf2 Nxf2 15.
Rxf2 exd4 16. Ne4 c5 17. Rb1 Ne3 18. b3 Nxg2 19. Kxg2 Bf5 0-1

[Event "1. Ernst Stoeckl Gedenkturnier"]
[Site "?"]
[Date "2002.02.03"]
[Round "2"]
[White "Havlicek, Josef"]
[Black "Titz, Herbert"]
[Result "0-1"]
[WhiteElo "2147"]
[BlackElo "1996"]
[PlyCount "64"]

1. d4 Nf6 2. c4 c5 3. d5 b5 4. cxb5 a6 5. bxa6 Bxa6 6. Nc3 g6 7. g3 Bg7 8. Bg2
d6 9. Nf3 O-O 10. O-O Nbd7 11. Re1 Qa5 12. e4 Ng4 13. Bd2 Nge5 14. Nxe5 Nxe5
15. Bf1 Bxf1 16. Rxf1 Nc4 17. Qc2 Rfb8 18. Rab1 Rb7 19. Rfd1 Rab8 20. Na4 Nxd2
21. Rxd2 Rb4 22. Nc3 Bxc3 23. Qxc3 Qxa2 24. Re1 Rxb2 25. Rxb2 Rxb2 26. Qe3 Rb1
27. Kg2 Rxe1 28. Qxe1 Qb2 29. Qa5 Kg7 30. Qd8 Qe5 31. Kf3 f5 32. exf5 gxf5 0-1

[Event "1. Ernst Stoeckl Gedenkturnier"]
[Site "?"]
[Date "2002.02.03"]
[Round "2"]
[White "Roth, Peter"]
[Black "Kuthan, Andreas "]
[Result "1/2-1/2"]
[WhiteElo "2266"]
[BlackElo "2146"]
[PlyCount "51"]

1. e4 e6 2. d4 d5 3. Nc3 Nf6 4. e5 Nfd7 5. Nf3 c5 6. dxc5 Nc6 7. Bf4 Bxc5 8.
Bd3 f6 9. exf6 Nxf6 10. O-O O-O 11. Bg3 a6 12. Qe2 Bd7 13. Rad1 Nh5 14. Bh4 Nf4
15. Bxd8 Nxe2+ 16. Nxe2 Raxd8 17. c4 Nb4 18. Ne5 Nxa2 19. cxd5 exd5 20. Nxd7
Rxd7 21. Bc4 Nb4 22. Nc3 Rxf2 23. Rxf2 Bxf2+ 24. Kf1 Bc5 25. Nxd5 Kf8 26. Ke2
1/2-1/2

[Event "1. Ernst Stoeckl Gedenkturnier"]
[Site "?"]
[Date "2002.02.03"]
[Round "2"]
[White "Kilgus, Georg"]
[Black "Dueckstein, Andreas"]
[Result "1/2-1/2"]
[WhiteElo "2203"]
[BlackElo "2297"]
[PlyCount "75"]

1. d4 Nf6 2. Nf3 e6 3. Bg5 d5 4. Nbd2 c5 5. e3 Nc6 6. c3 Qb6 7. Qb3 Bd7 8. Bxf6
gxf6 9. g3 Qxb3 10. axb3 cxd4 11. Nxd4 e5 12. Nxc6 bxc6 13. b4 Bd6 14. Nb3 Ke7
15. Ra6 Rhb8 16. Kd2 Rb6 17. Ra5 Be6 18. Bd3 f5 19. Rha1 Rb7 20. Nc5 Rc7 21. f4
f6 22. Rf1 Rf8 23. Rfa1 Ra8 24. Ke1 Bc8 25. Kf2 Kf8 26. Be2 Ke7 27. Kf3 Bxc5
28. Rxc5 a6 29. h3 Kd6 30. Bd1 Rg7 31. Be2 Bb7 32. Kf2 Rag8 33. Rg1 Kc7 34. Ra5
Kb6 35. Raa1 Bc8 36. Bd3 Rd8 37. Ra5 Rdg8 38. Raa1 1/2-1/2

[Event "1. Ernst Stoeckl Gedenkturnier"]
[Site "?"]
[Date "2002.02.03"]
[Round "2"]
[White "Janetschek, Karl"]
[Black "Kleiser, Gregor"]
[Result "0-1"]
[WhiteElo "2293"]
[BlackElo "2177"]
[PlyCount "66"]

1. e4 c5 2. Nf3 e6 3. d4 cxd4 4. Nxd4 a6 5. Bd3 Nf6 6. O-O Qc7 7. Kh1 d6 8. c4
Nbd7 9. f4 Be7 10. Nc3 b6 11. Be3 Bb7 12. f5 e5 13. Nb3 Rc8 14. Qe2 Qb8 15.
Rac1 O-O 16. g4 h6 17. h4 b5 18. cxb5 Rxc3 19. bxc3 Nxe4 20. Bxe4 Bxe4+ 21. Kg1
Bxh4 22. Bf2 Bxf2+ 23. Rxf2 Ba8 24. Rd1 axb5 25. Rd3 Nf6 26. Nd2 Rc8 27. Rg3
Qa7 28. Kh2 Nh7 29. Qe3 Qxa2 30. f6 Qd5 31. Nf3 Ng5 32. fxg7 Rc4 33. Rh3 Rf4
0-1

[Event "1. Ernst Stoeckl Gedenkturnier"]
[Site "?"]
[Date "2002.02.03"]
[Round "2"]
[White "Hofbauer, Martin"]
[Black "Mueller, Roland"]
[Result "1/2-1/2"]
[WhiteElo "2240"]
[BlackElo "1942"]
[PlyCount "77"]

1. e4 e5 2. Nf3 Nc6 3. Nc3 Nf6 4. Bb5 Bc5 5. d3 d6 6. Bg5 h6 7. Be3 Bb4 8. a3
Bxc3+ 9. bxc3 Bd7 10. h3 Ne7 11. Bc4 Ng6 12. Qb1 Bc6 13. Bb5 Qd7 14. c4 a5 15.
Qb2 Bxb5 16. cxb5 b6 17. a4 O-O 18. O-O Rae8 19. Rae1 Nh5 20. d4 f6 21. Kh2
Nhf4 22. Bxf4 Nxf4 23. Nh4 Kh7 24. Re3 g6 25. Rd1 Re7 26. Nf3 Qe6 27. c3 Rg8
28. Ng1 g5 29. g3 Ng6 30. Qe2 Kg7 31. Nf3 Rh8 32. Nd2 h5 33. Qc4 Qc8 34. Nf1 h4
35. g4 Nf4 36. Ree1 Qe6 37. Qxe6 Rxe6 38. Ne3 Kf7 39. Nf5 1/2-1/2

[Event "1. Ernst Stoeckl Gedenkturnier"]
[Site "?"]
[Date "2002.02.03"]
[Round "2"]
[White "Srienz , Christian"]
[Black "Kuba, Guenter"]
[Result "0-1"]
[WhiteElo "2145"]
[BlackElo "2293"]
[PlyCount "60"]

1. e4 e5 2. Nf3 Nc6 3. Nc3 Nf6 4. Bb5 Bb4 5. O-O O-O 6. d3 d6 7. Bg5 Bxc3 8.
bxc3 h6 9. Bd2 a6 10. Ba4 b5 11. Bb3 Na5 12. c4 c5 13. Qe1 Nxb3 14. axb3 Bg4
15. Qe3 b4 16. h3 Bd7 17. Nxe5 dxe5 18. Qxc5 Re8 19. Qxb4 Nh5 20. f4 exf4 21.
Bxf4 Bxh3 22. Qd6 Qh4 23. Rf3 Bg4 24. Bg3 Qg5 25. Bf4 Nxf4 26. Qxf4 Bxf3 27.
Qxf3 Re6 28. e5 Rd8 29. Rf1 Qe7 30. c3 Rxe5 0-1

[Event "1. Ernst Stoeckl Gedenkturnier"]
[Site "?"]
[Date "2002.02.03"]
[Round "2"]
[White "Horvath, Maria"]
[Black "Hirsch, Adolf jun."]
[Result "1-0"]
[WhiteElo "1986"]
[BlackElo "2071"]
[PlyCount "79"]

1. d4 Nf6 2. c4 g6 3. Nc3 d5 4. cxd5 Nxd5 5. Bd2 Nb6 6. Nf3 Bg7 7. Bg5 h6 8.
Bh4 O-O 9. e3 c6 10. h3 N8d7 11. Be2 Qe8 12. O-O e5 13. Ne4 exd4 14. Nd6 Qe6
15. Nxc8 Raxc8 16. Nxd4 Qe4 17. Bg3 Ne5 18. Qb3 Qd5 19. Qc2 c5 20. Nb5 c4 21.
Nc3 Qe6 22. Rad1 Nbd7 23. Nb5 a6 24. Nd6 Rc6 25. Ne4 Re8 26. Nc3 Nc5 27. Bxe5
Bxe5 28. Bf3 Rd6 29. Bd5 Qc8 30. Bxc4 Rxd1 31. Qxg6+ Bg7 32. Bxf7+ Kh8 33. Rxd1
Rd8 34. Rxd8+ Qxd8 35. Nd5 Nd7 36. f4 Nf8 37. Qe4 Qa5 38. Ne7 Bxb2 39. Bb3 Bg7
40. Qc4 1-0

[Event "1. Ernst Stoeckl Gedenkturnier"]
[Site "?"]
[Date "2002.02.03"]
[Round "2"]
[White "Prager, Manfred"]
[Black "Rott, Jakob"]
[Result "1-0"]
[WhiteElo "2063"]
[BlackElo "1874"]
[PlyCount "125"]

1. e4 c5 2. Nf3 d6 3. d4 cxd4 4. Nxd4 Nf6 5. Nc3 a6 6. Be2 e6 7. Be3 b5 8. a3
Bb7 9. Bd3 Nbd7 10. O-O d5 11. exd5 Nxd5 12. Nxd5 Bxd5 13. c3 Nf6 14. Qc2 Qc7
15. Rfe1 Bd6 16. h3 O-O 17. Bg5 Be7 18. Bxf6 Bxf6 19. Bxh7+ Kh8 20. Be4 Rac8
21. Bxd5 Bxd4 22. Ba2 Ba7 23. Re4 g6 24. Rae1 Bb8 25. g3 Rce8 26. Qd2 Kg7 27.
Rh4 Rh8 28. Rxh8 Rxh8 29. Kh2 Qe7 30. Rd1 Kg8 31. Qd8+ Qxd8 32. Rxd8+ Kg7 33.
Rd7 Kf6 34. Kg2 Rc8 35. h4 Rc7 36. Rd3 Ke7 37. f4 Rd7 38. Rxd7+ Kxd7 39. Kf3
Bd6 40. g4 Bf8 41. c4 Kc6 42. f5 gxf5 43. gxf5 exf5 44. cxb5+ Kxb5 45. Bxf7 Bh6
46. b3 a5 47. Be6 Bc1 48. a4+ Kb4 49. h5 Bh6 50. Bxf5 Kxb3 51. Bd7 Kc4 52. Ke4
Kc5 53. Ke5 Be3 54. Bb5 Bd2 55. Ke6 Be3 56. Kf6 Kd6 57. Bc4 Kd7 58. Kf7 Bd2 59.
Bb5+ Kd6 60. Kg7 Ke7 61. h6 Bc3+ 62. Kg8 Kf6 63. h7 1-0

[Event "1. Ernst Stoeckl Gedenkturnier"]
[Site "?"]
[Date "2002.02.03"]
[Round "2"]
[White "Reimitzer, Wolfgang"]
[Black "Steiner, Johann"]
[Result "1/2-1/2"]
[WhiteElo "2023"]
[BlackElo "2007"]
[PlyCount "192"]

1. d4 Nf6 2. c4 g6 3. Nc3 Bg7 4. e4 d6 5. Nf3 O-O 6. Be2 c6 7. d5 e5 8. dxe6
Bxe6 9. O-O h6 10. Qc2 Qc7 11. h3 Nbd7 12. Bf4 Ne5 13. c5 Nfd7 14. cxd6 Qxd6
15. Qd2 Qxd2 16. Nxd2 Rad8 17. Be3 Nb6 18. Rfd1 Nd3 19. Bxd3 Rxd3 20. Nb3 Rxd1+
21. Nxd1 Nc4 22. Bd4 Rd8 23. Bxg7 Kxg7 24. Nc5 Bc8 25. Rc1 Rd2 26. Nb3 Rd6 27.
Kf1 Ne5 28. Ne3 b6 29. Rd1 Ba6+ 30. Kg1 Rxd1+ 31. Nxd1 Bd3 32. Nd2 Nc4 33. Nxc4
Bxc4 34. a3 Kf6 35. f4 Ke6 36. Kf2 a5 37. g4 g5 38. Ne3 Bd3 39. Kf3 b5 40. Nf5
Bf1 41. Nxh6 Bxh3 42. Nf5 gxf4 43. Kxf4 c5 44. Ne3 a4 45. Nd5 Bf1 46. g5 Bc4
47. Nc3 Bf1 48. Nd5 Bd3 49. Nc7+ Kd6 50. Nd5 Bc4 51. Nc3 Ke6 52. e5 Bd3 53. Ke3
Bc2 54. Nxb5 Kxe5 55. Kd2 Bb3 56. Ke3 Kf5 57. Nd6+ Kxg5 58. Ne4+ Kf5 59. Nxc5
Ke5 60. Nd7+ Kd6 61. Nf6 Ke6 62. Ne4 Kd5 63. Nf6+ Kc4 64. Nd7 Bc2 65. Ne5+ Kb3
66. Nxf7 Kxb2 67. Kd2 Bb3 68. Nd6 Kxa3 69. Nb5+ Kb2 70. Kd3 Bd1 71. Kd2 Bg4 72.
Kd3 Be6 73. Kd2 Bc4 74. Nc3 a3 75. Nd1+ Kb3 76. Nc3 Bf1 77. Kc1 Bd3 78. Kd2 Bg6
79. Ne2 Bh5 80. Nc3 Bg4 81. Kc1 Bf5 82. Kd2 Bc2 83. Ne2 Kb2 84. Nc3 Bb3 85. Kd3
Kc1 86. Ne2+ Kb2 87. Nc3 Bc2+ 88. Kd2 Bb1 89. Nd1+ Kb3 90. Nc3 Bc2 91. Ne2 Kb2
92. Nc3 Bf5 93. Nd1+ Kb3 94. Nc3 Bg6 95. Ne2 Kb2 96. Nc3 Bc2 1/2-1/2

[Event "1. Ernst Stoeckl Gedenkturnier"]
[Site "?"]
[Date "2002.02.04"]
[Round "3.1"]
[White "Kuba, Guenter"]
[Black "Kleiser, Gregor"]
[Result "1-0"]
[WhiteElo "2293"]
[BlackElo "2177"]
[PlyCount "73"]
[EventDate "2002.??.??"]

1. e4 c5 2. Nf3 e6 3. g3 d6 4. Bg2 Nf6 5. Qe2 Nbd7 6. O-O b6 7. e5 dxe5 8. Nxe5
Nxe5 9. Bxa8 Ba6 10. Bc6+ Nxc6 11. Qxa6 Nd4 12. f3 Qa8 13. Kg2 Nd7 14. Na3 g5
15. Nb5 Nxb5 16. Qxb5 g4 17. Qe2 h5 18. Qe4 Qd8 19. d3 Bg7 20. fxg4 hxg4 21.
Qxg4 Ne5 22. Qa4+ Kf8 23. Bf4 Ng6 24. Rae1 Qc8 25. h4 Bd4 26. Qxa7 Kg7 27. Bg5
Qc6+ 28. Kh3 Rf8 29. c3 e5 30. cxd4 Qe6+ 31. Kh2 cxd4 32. Rf6 Qc8 33. Ref1 Nf4
34. Bxf4 Qc2+ 35. Kg1 Qxd3 36. Bh6+ Kg8 37. R6f3 1-0

[Event "1. Ernst Stoeckl Gedenkturnier"]
[Site "?"]
[Date "2002.02.04"]
[Round "3.1"]
[White "Dueckstein, Andreas"]
[Black "Kuthan, Andreas"]
[Result "1-0"]
[WhiteElo "2297"]
[BlackElo "2146"]
[PlyCount "49"]
[EventDate "2002.??.??"]

1. e4 e6 2. d4 d5 3. Nc3 Nf6 4. exd5 exd5 5. Bg5 Be7 6. Bd3 Nc6 7. Nge2 O-O 8.
a3 Bg4 9. f3 Bh5 10. O-O Ne4 11. Bxe4 Bxg5 12. Bxd5 Be3+ 13. Kh1 Qh4 14. Bxc6
bxc6 15. Qd3 Rfe8 16. Ne4 Bh6 17. Qc4 Re6 18. N2c3 Rg6 19. g4 Bf4 20. Qe2 f5
21. gxh5 Rh6 22. Qf2 Qxh5 23. Ng3 Qh3 24. Nce2 Bd6 25. Qg2 1-0

[Event "1. Ernst Stoeckl Gedenkturnier"]
[Site "?"]
[Date "2002.02.04"]
[Round "3.1"]
[White "Titz, Herbert"]
[Black "Roth, Peter"]
[Result "0-1"]
[WhiteElo "1996"]
[BlackElo "2266"]
[PlyCount "53"]
[EventDate "2002.??.??"]

1. e4 c5 2. Nc3 a6 3. a4 e6 4. f4 Nc6 5. Nf3 Nge7 6. d4 cxd4 7. Nxd4 Nxd4 8.
Qxd4 Nc6 9. Qf2 Bb4 10. Bd2 Qa5 11. Bc4 O-O 12. O-O d5 13. exd5 exd5 14. Bd3
Bc5 15. Be3 d4 16. Bxh7+ Kxh7 17. Qh4+ Kg8 18. Ne4 Be7 19. Ng5 Qf5 20. Rf3 Bxg5
21. fxg5 Qg4 22. Qxg4 Bxg4 23. Rf4 dxe3 24. Rxg4 Rfe8 25. Re1 Rad8 26. Rg3 Rd2
27. Rexe3 0-1

[Event "1. Ernst Stoeckl Gedenkturnier"]
[Site "?"]
[Date "2002.02.04"]
[Round "3.1"]
[White "Prager, Manfred"]
[Black "Janetschek, Karl"]
[Result "1-0"]
[WhiteElo "2063"]
[BlackElo "2293"]
[PlyCount "73"]
[EventDate "2002.??.??"]

1. e4 c5 2. Nf3 e6 3. d4 cxd4 4. Nxd4 Nf6 5. Nc3 Nc6 6. a3 Qc7 7. Be2 Be7 8.
O-O O-O 9. Kh1 a6 10. f4 d6 11. Be3 Na5 12. Qe1 Nc4 13. Bc1 b5 14. Bf3 Bb7 15.
b3 Nb6 16. Bb2 Nfd7 17. Rd1 Rfe8 18. Qg3 Bf8 19. Rd2 Nc5 20. Rfd1 Rad8 21.
Ncxb5 axb5 22. Nxb5 Qb8 23. Nxd6 Rxd6 24. Rxd6 Bxe4 25. Be5 f6 26. Rd8 Rxd8 27.
Bxb8 Rxb8 28. f5 Re8 29. b4 Bxf3 30. gxf3 Nca4 31. fxe6 Rxe6 32. Rd8 Kf7 33.
Qc7+ Be7 34. Rd4 Nb2 35. c4 Re1+ 36. Kg2 N6a4 37. Re4 1-0

[Event "1. Ernst Stoeckl Gedenkturnier"]
[Site "?"]
[Date "2002.02.04"]
[Round "3.1"]
[White "Blatny, Frantisek"]
[Black "Horvath, Maria"]
[Result "1/2-1/2"]
[WhiteElo "2245"]
[BlackElo "1986"]
[PlyCount "45"]
[EventDate "2002.??.??"]

1. e4 e6 2. d4 d5 3. exd5 exd5 4. Nf3 Bg4 5. h3 Bh5 6. Be2 Bd6 7. Bg5 f6 8. Be3
Ne7 9. Qd2 Nd7 10. Nc3 c6 11. Nh4 Bxe2 12. Nxe2 g5 13. Nf3 Qc7 14. g4 h5 15.
O-O-O O-O-O 16. Kb1 Nf8 17. Rdg1 Ne6 18. Qd3 Nf4 19. Nxf4 Bxf4 20. Re1 Bd6 21.
Bc1 Qd7 22. Rhg1 hxg4 23. hxg4 1/2-1/2

[Event "1. Ernst Stoeckl Gedenkturnier"]
[Site "?"]
[Date "2002.02.04"]
[Round "3"]
[White "Petroczi, Thomas"]
[Black "Hofbauer, Martin"]
[Result "1-0"]
[WhiteElo "2025"]
[BlackElo "2240"]
[PlyCount "189"]
[EventDate "2002.??.??"]

1. d4 d5 2. Nf3 Nf6 3. Bg5 e6 4. e3 Be7 5. Bd3 c5 6. c3 Nc6 7. Nbd2 cxd4 8.
exd4 Nh5 9. Bxe7 Qxe7 10. O-O Bd7 11. Re1 Nf4 12. Bf1 O-O 13. Nb3 Rab8 14. Qd2
Ng6 15. Nc5 b6 16. Nd3 a5 17. a3 Qd6 18. Rad1 Rfe8 19. g3 Bc8 20. h4 Ba6 21. h5
Nf8 22. h6 Ng6 23. hxg7 Kxg7 24. Kg2 Rg8 25. Be2 Nce7 26. Rh1 Nf5 27. Rh2 h6
28. Rdh1 Kf8 29. Kf1 Ke8 30. Nfe5 Bxd3 31. Nxd3 Qc7 32. g4 Nd6 33. Rxh6 Ne4 34.
Qc1 b5 35. Qe3 Qe7 36. Bf3 Qg5 37. Qxg5 Nxg5 38. Bg2 Ne4 39. Ke2 Nf6 40. f3 Nd7
41. f4 Ke7 42. f5 Ngf8 43. Bf3 Rc8 44. Rh8 Rxh8 45. Rxh8 Kf6 46. fxe6 fxe6 47.
Kf2 Kg7 48. Rh1 Ng6 49. Kg3 Kf6 50. Rh7 Ngf8 51. Rh6+ Kg7 52. Rh2 Nh7 53. Nf4
Ndf8 54. Be2 Rb8 55. Bd3 Rb6 56. Nh5+ Kg8 57. Kf4 b4 58. axb4 axb4 59. c4 dxc4
60. Bxc4 Ng6+ 61. Ke3 Rd6 62. b3 Ng5 63. Ra2 Kf8 64. Ra5 Nf7 65. Rb5 Nh6 66.
Be2 Rd5 67. Rxb4 Rg5 68. Nf4 Nxg4+ 69. Bxg4 Rxg4 70. Nxe6+ Ke7 71. Nc5 Nh4 72.
Ne4 Nf5+ 73. Kd3 Rg8 74. Rb7+ Ke6 75. Rb6+ Ke7 76. Nc3 Rg5 77. Nb5 Rg3+ 78. Kc4
Ne3+ 79. Kc5 Rg5+ 80. Kc6 Rg6+ 81. Kb7 Rg4 82. Rc6 Nf5 83. b4 Rh4 84. Kb6 Nxd4
85. Nxd4 Rxd4 86. b5 Kd8 87. Rc1 Rd2 88. Ka6 Ra2+ 89. Kb7 Rd2 90. b6 Kd7 91.
Ka7 Ra2+ 92. Kb8 Rd2 93. b7 Rd3 94. Rc4 Rd1 95. Ra4 1-0

[Event "1. Ernst Stoeckl Gedenkturnier"]
[Site "?"]
[Date "2002.02.04"]
[Round "3.1"]
[White "Reimitzer, Wolfgang"]
[Black "Wiedner, Robert"]
[Result "1/2-1/2"]
[WhiteElo "2023"]
[BlackElo "2185"]
[PlyCount "98"]
[EventDate "2002.??.??"]

1. d4 c5 2. e3 d5 3. Nf3 Nf6 4. c4 cxd4 5. exd4 Nc6 6. Nc3 Bg4 7. Be3 e6 8. h3
Bh5 9. Be2 Rc8 10. Qb3 Bb4 11. O-O dxc4 12. Qxc4 O-O 13. Rac1 Qe7 14. a3 Bxc3
15. Qxc3 Nd5 16. Qd2 Rfd8 17. Ne5 Bxe2 18. Nxc6 Rxc6 19. Qxe2 Rdc8 20. Rxc6
Rxc6 21. Rc1 Qc7 22. Qd2 Rxc1+ 23. Qxc1 Qxc1+ 24. Bxc1 Kf8 25. Kf1 Ke7 26. Ke2
Kd6 27. Kd3 b5 28. Bd2 h5 29. f3 f5 30. Bg5 Nb6 31. b3 a6 32. Bf4+ Kd5 33. Be5
g6 34. Bc7 Nc8 35. Ke3 Ne7 36. Bd8 Nc6 37. Bf6 a5 38. a4 bxa4 39. bxa4 Kc4 40.
Kf4 Nxd4 41. Kg5 Ne2 42. Be5 Kd5 43. Bc7 e5 44. Kxg6 Ke6 45. Bxa5 Nf4+ 46. Kg5
Nxg2 47. Kxh5 Nf4+ 48. Kh4 e4 49. Kg3 Nxh3 1/2-1/2